000 00962nam a22003257a 4500
001 0010605
003 KOHA_MİRAKIL
005 20260207001750.0
007 ta
008 091112b2003 tu |||gr||||#||||0|tur |
020 _a9759272156
040 _aTR-BiSEU
_btur
_cTR-BiSEU
_erda
041 0 _atur
044 _ctu
050 _aRM666.S54
_bB57 2003
245 0 _aBitkilerle sağlık ve güzellik.
264 1 _aAnkara :
_bGrafiker Yayıncılık
_c2003
300 _a111 sayfa: resimli; 21 cm.
336 _ametin
_btxt
_2rdacontent
337 _aaracısız
_bn
_2rdamedia
338 _acilt
_bnc
_2rdacarrier
490 1 _aSağlık Dizisi ;
_v1.
490 1 _aGrafikler Yayıncılık ;
_v11.
500 _aKaynakça var.
650 0 _aBitkiler--Tedavide kullanım.
_925986
650 0 _aGıda maddeleri--Sağlıksal yönler.
_95348
830 1 _aSağlık Dizisi ;
_v1.
_919439
830 1 _aGrafikler Yayıncılık ;
_v11.
_925987
942 _2lcc
_cBK
999 _c10577
_d10577